Gateway to the great books 2: Imaginative literature

Uloženo v:
Podrobná bibliografie
Médium: Kniha
Jazyk:Undetermined
Vydáno: Chicago, Estados Unidos Encyclopedia Britannica 1963
Témata:
Tagy: Přidat tag
Žádné tagy, Buďte první, kdo vytvoří štítek k tomuto záznamu!

MARC

LEADER 00000nam a2200000Ia 4500
008 170316s9999 xx 000 0 und d
040 |a cru BVZT 
090 |a REF 
245 |a Gateway to the great books 2: Imaginative literature 
260 |a Chicago, Estados Unidos 
260 |b Encyclopedia Britannica 
260 |c 1963 
300 |a 522 páginas Vol.2 
650 |a REFERENCIA 
942 |c REF 
999 |c 14880  |d 14880